000 00503nam a2200193Ia 4500
008 151121s9999||||xx |||||||||||||| ||und||
082 _a658।913/Par
082 _bHNW-48266
100 _aParekh H।T।
245 _aManagement Of Industry In India
260 _b"Vora & Co, Bombay"
260 _c--
300 _a74
600 _aParekh H।T।
630 _aManagement Of Industry In India
700 _aParekh H।T।
730 _aManagement Of Industry In India
942 _cBOOK
999 _c1233897
_d1233894